Le livre: historique, fabrication, achat, classement, usage et entretien.

Guardat en:
Dades bibliogràfiques
Autor principal: Cim, Albert
Format: Llibre
Idioma:francès
Publicat: París, Francia Ernest Flammarion 1905
Matèries:
Etiquetes: Afegir etiqueta
Sense etiquetes, Sigues el primer a etiquetar aquest registre!

MARC

LEADER 00000nam a2200000 a 4500
001 UCJ7294
003 CL-VaPUC
005 20230526152955.0
008 070124e19050000FR |||||||||||||||||fre|d
999 |c 323390  |d 323388 
040 |c Pontificia Universidad Católica de Valparaíso 
082 0 4 |a 020 CIM 1905  |2 21 
100 0 |a Cim, Albert  |9 515583 
245 1 3 |a Le livre: historique, fabrication, achat, classement, usage et entretien. 
260 0 3 |a París, Francia  |b Ernest Flammarion  |c 1905 
300 |a 4 volúmenes. 
500 |a Ilustraciones sin indizar 
583 |a last modification  |c 20190801 10:23:41  |k Rodrigo Vera 
650 7 |a BIBLIOTECOLOGIA  |2 CL-VaPUC  |9 256929 
650 7 |a RESTAURACION  |2 CL-VaPUC  |9 411453 
650 7 |a PAPEL  |2 CL-VaPUC  |9 515584 
650 0 |a Libros  |9 334511 
650 0 |a Tipografía  |9 266998 
650 0 |a Imprenta  |9 265883 
650 0 |a Encuadernación  |9 372733 
650 0 |a Ilustraciones  |9 369481 
650 7 |a BIBLIOGRAFIA  |2 CL-VaPUC  |9 256175 
650 0 |a Bibliotecas  |9 334508 
942 |c BK  |2 ddc 
945 |d 20070124 00:00:00  |a rinostro 
952 |0 0  |1 0  |4 0  |6 020_000000000000000_CIM_1905  |7 0  |8 X  |9 402946  |a FDOBUD  |b FDOBUD  |d 2019-11-22  |h v.1  |i 1061097  |o 020 CIM 1905  |p 1061097  |r 2019-11-22  |t 1  |w 2019-11-22  |y BK_X  |k BUD 
952 |0 0  |1 0  |4 0  |6 020_000000000000000_CIM_1905  |7 0  |8 X  |9 402947  |a FDOBUD  |b FDOBUD  |d 2019-11-22  |h v.2  |i 1061100  |o 020 CIM 1905  |p 1061100  |r 2019-11-22  |t 1  |w 2019-11-22  |y BK_X  |k BUD 
952 |0 0  |1 0  |4 0  |6 020_000000000000000_CIM_1905  |7 0  |8 X  |9 402948  |a FDOBUD  |b FDOBUD  |d 2019-11-22  |h v.3  |i 1061119  |o 020 CIM 1905  |p 1061119  |r 2019-11-22  |t 1  |w 2019-11-22  |y BK_X  |k BUD 
952 |0 0  |1 0  |4 0  |6 020_000000000000000_CIM_1905  |7 0  |8 X  |9 402949  |a FDOBUD  |b FDOBUD  |d 2019-11-22  |h v.4  |i 1061127  |o 020 CIM 1905  |p 1061127  |r 2019-11-22  |t 1  |w 2019-11-22  |y BK_X  |k BUD